000 00936nam a22002057a 4500
999 _c10358
_d10358
005 20251125232826.0
008 th tha d
040 _aNALT
041 _atha
050 _aDS578.32 ช682น
100 0 _aชูวงศ์ ฉายะบุตร
245 1 0 _aแนวคิดทางการเมืองการปกครอง : ดร.ชูวงศ์ ฉายะบุตร นักวิชาการ นักบริหาร นักปฏิบัติ
260 3 _aม.ป.ท. :
_bม.ป.พ.,
_cม.ป.ป.
300 _a1 เล่ม :
_b ภาพประกอบ, ตาราง ;
_c 29 ซม.
650 0 4 _aชูวงศ์ ฉายะบุตร, 2480 -- ทัศนะเกี่ยวกับการเมือง
850 _aNALT
856 4 0 _uhttps://hdl.handle.net/20.500.14156/410535
_71
942 _cGB
_2lcc